00557nam a2200193 a 4500001001300000003000900013005001700022008004100039020001000080082001600090100002000106245008100126260004800207300000900255500003500264505002400299650002000323700002000343nice12345678IN_TiNIC20260116012839.0050524s1987 lona grp 000 0 eng  ac34500a922.97bAYO aAyoub, Mahmud M aIslam and the Third Universal Theoryb Religious Thought of Mu`ammar Al Qadh aLondonbKegna Paul Trench and Companyc1987 a154p aincludes index and biblioraphy2 aBibliography, Index aIslam-Movements1 aAyoub, Mahmud M